Foundations of comparative genomics / (Record no. 10816)
[ view plain ]
| 000 -LEADER | |
|---|---|
| fixed length control field | 02179cam a2200361 i 4500 |
| 001 - CONTROL NUMBER | |
| control field | 14714780 |
| 003 - CONTROL NUMBER IDENTIFIER | |
| control field | EG-ScBUE |
| 005 - DATE AND TIME OF LATEST TRANSACTION | |
| control field | 20260125100043.0 |
| 008 - FIXED-LENGTH DATA ELEMENTS--GENERAL INFORMATION | |
| fixed length control field | 070125s2007 ne a b 001 0 eng |
| 020 ## - INTERNATIONAL STANDARD BOOK NUMBER | |
| International Standard Book Number | 9780120887941 (hard cover : alk. paper) |
| 035 ## - SYSTEM CONTROL NUMBER | |
| System control number | (OCoLC)ocm81252684 |
| 035 ## - SYSTEM CONTROL NUMBER | |
| System control number | (OCoLC)81252684 |
| 040 ## - CATALOGING SOURCE | |
| Original cataloging agency | DNLM/DLC |
| Language of cataloging | eng |
| Description conventions | rda |
| Transcribing agency | DLC |
| Modifying agency | NLM |
| -- | BAKER |
| -- | C#P |
| -- | IXA |
| -- | AGL |
| -- | YDXCP |
| -- | BTCTA |
| -- | OHX |
| -- | DLC |
| 082 04 - DEWEY DECIMAL CLASSIFICATION NUMBER | |
| Edition number | 22 |
| Classification number | 572.86 |
| Item number | MUS |
| 100 1# - MAIN ENTRY--PERSONAL NAME | |
| Personal name | Mushegian, Arcady R., |
| Relator term | author. |
| 245 10 - TITLE STATEMENT | |
| Title | Foundations of comparative genomics / |
| Statement of responsibility, etc | Arcady R. Mushegian. |
| 264 #1 - PUBLICATION, DISTRIBUTION, ETC. (IMPRINT) | |
| Place of publication, distribution, etc | Amsterdam ; |
| -- | Boston : |
| Name of publisher, distributor, etc | Academic Press, |
| Date of publication, distribution, etc | [2007] |
| 264 #4 - PUBLICATION, DISTRIBUTION, ETC. (IMPRINT) | |
| Date of publication, distribution, etc | c2007 |
| 300 ## - PHYSICAL DESCRIPTION | |
| Extent | ix, 265 pages : |
| Other physical details | illustrations ; |
| Dimensions | 27 cm |
| 336 ## - CONTENT TYPE | |
| Source | rdacontent |
| Content type term | text |
| Content type code | txt |
| 337 ## - MEDIA TYPE | |
| Media type term | unmediated |
| Source | rdamedia |
| Media type code | n |
| 338 ## - CARRIER TYPE | |
| Carrier type term | volume |
| Carrier type code | nc |
| Source | rdacarrier |
| 504 ## - BIBLIOGRAPHY, ETC. NOTE | |
| Bibliography, etc | Includes bibliographical references and index. |
| 505 0# - FORMATTED CONTENTS NOTE | |
| Formatted contents note | The beginning of computational genomics -- Finding sequence similarities -- Homology: can we get it right? -- Getting ready for the era of comparative genomics: the importance of viruses -- The first fact of comparative genomics: protein sequences are remarkably resilient in evolution -- The second fact of comparative genomics: functional convergence at the molecular level -- Prediction of function and reconstruction of metabolism from genomic data: homology-based approaches -- Prediction of function and reconstruction of metabolism: post-homology approaches -- Structural genomics: what does it tell us about life? -- How many protein families are there? -- Phylogenetic inference and the era of complete genomes -- Two stories about evolution -- Minimal and ancestral genomes -- Comparative genomics and systems biology. |
| 650 #7 - SUBJECT ADDED ENTRY--TOPICAL TERM | |
| Topical term or geographic name as entry element | Genomics. |
| Source of heading or term | BUEsh |
| 650 #7 - SUBJECT ADDED ENTRY--TOPICAL TERM | |
| Topical term or geographic name as entry element | Gene mapping. |
| Source of heading or term | BUEsh |
| 650 #7 - SUBJECT ADDED ENTRY--TOPICAL TERM | |
| Topical term or geographic name as entry element | Physiology, Comparative. |
| Source of heading or term | BUEsh |
| 655 ## - INDEX TERM--GENRE/FORM | |
| Form subdivision | Reading book |
| 856 41 - ELECTRONIC LOCATION AND ACCESS | |
| Materials specified | Table of contents only |
| Uniform Resource Identifier | <a href="http://www.loc.gov/catdir/toc/ecip079/2007003418.html">http://www.loc.gov/catdir/toc/ecip079/2007003418.html</a> |
| 856 42 - ELECTRONIC LOCATION AND ACCESS | |
| Materials specified | Publisher description |
| Uniform Resource Identifier | <a href="http://www.loc.gov/catdir/enhancements/fy0707/2007003418-d.html">http://www.loc.gov/catdir/enhancements/fy0707/2007003418-d.html</a> |
| 942 ## - ADDED ENTRY ELEMENTS (KOHA) | |
| Source of classification or shelving scheme | Dewey Decimal Classification |
| Koha item type | Book - Borrowing |
| Withdrawn status | Lost status | Source of classification or shelving scheme | Damaged status | Not for loan | Collection code | Home library | Current library | Shelving location | Date acquired | Source of acquisition | Cost, normal purchase price | Serial Enumeration / chronology | Total Checkouts | Full call number | Barcode | Date last seen | Price effective from | Koha item type |
|---|---|---|---|---|---|---|---|---|---|---|---|---|---|---|---|---|---|---|
| Dewey Decimal Classification | Alahram | Central Library | Central Library | First floor | 11/02/2009 | 564.50 | 6472 | 572.86 MUS | 000014750 | 15/07/2025 | 11/02/2009 | Book - Borrowing |